Condiciones laborales y significado del trabajo en los jóvenes y las jóvenes trabajadoras del sector informal ded Costa Rica /
Guardat en:
| Autor principal: | |
|---|---|
| Format: | Thesis |
| Idioma: | Spanish |
| Publicat: |
Costa Rica :
Universidad de Costa Rica. Facultad de Ciencias Sociales. Escuela de Antropología y Sociologia. Departamento de Sociologia
|
| Matèries: | |
| Etiquetes: |
Afegir etiqueta
Sense etiquetes, Sigues el primer a etiquetar aquest registre!
|
MARC
| LEADER | 00000 a2200000 04500 | ||
|---|---|---|---|
| 001 | 41934 | ||
| 003 | |||
| 008 | 050629s2007 cr spa d | ||
| 040 | |a CRAI/IIS |c CRAI/IIS | ||
| 090 | |a 13.09.02 B191c | ||
| 100 | |a Salmerón Ballestero, Mario | ||
| 245 | |a Condiciones laborales y significado del trabajo en los jóvenes y las jóvenes trabajadoras del sector informal ded Costa Rica / |c Mario Ballestero Salmerón | ||
| 260 | |a Costa Rica : |b Universidad de Costa Rica. Facultad de Ciencias Sociales. Escuela de Antropología y Sociologia. Departamento de Sociologia | ||
| 300 | |a 125 páginas | ||
| 502 | |a Tesis para optar por el grado de Licenciatura en Sociología. Versión para la defensa | ||
| 650 | |a TRABAJADORES JOVENES | ||
| 650 | |a SECTOR INFORMAL | ||
| 650 | |a DESEMPLEO | ||
| 650 | |a CONDICIONES DE TRABAJO | ||
| 999 | |c 18028 |d 18028 | ||
